[Event "World Amateur-ch U2000"]
[Site "Muscat"]
[Date "2023.11.05"]
[Round "4.8"]
[White "Heinichen Rodas, John Derek"]
[Black "Al Dosari, Naif"]
[Result "1-0"]
[WhiteElo "1951"]
[BlackElo "1811"]
[PlyCount "71"]
[EventDate "2023.11.02"]
[EventType "swiss"]
[EventRounds "9"]
[EventCountry "OMN"]
[SourceTitle "CB46_2023"]
[SourceDate "2023.11.15"]
[SourceVersion "1"]
[SourceVersionDate "2023.11.15"]
[SourceQuality "1"]

1. e4 c6 2. d4 d5 3. exd5 cxd5 4. Bd3 Nc6 5. c3 Nf6 6. Bf4 g6 7. Nf3 Nh5 8. Be3 Bg7 9. Nbd2 f5 10. Nb3 0-0 11. 0-0 f4 12. Bd2 Qd6 13. c4 e6 14. Re1 a5 15. a4 b6 16. Rc1 Kh8 17. Ng5 Nf6 18. c5 bxc5 19. dxc5 Qe7 20. Bb5 Ne5 21. Rxe5 Nh5 22. Nf3 Bxe5 23. Nxe5 Kg8 24. Bc3 Ng7 25. Qd4 Nf5 26. Nxg6 Nxd4 27. Nxe7+ Kf7 28. Nxd4 Kxe7 29. Bxa5 e5 30. Nc6+ Kf6 31. Bc7 Re8 32. Re1 e4 33. Nb4 Rg8 34. Nxd5+ Kf7 35. Nxf4 Bf5 36. Bc4+ 1-0

[Event "Riadh Rapid op"]
[Site "Riadh"]
[Date "2023.03.18"]
[Round "9"]
[White "Abdul Ghani, Hayder"]
[Black "Al Dosari, Naif"]
[Result "1-0"]
[WhiteElo "2138"]
[BlackElo "1787"]
[PlyCount "97"]
[EventDate "2023.03.17"]
[EventType "swiss (rapid)"]
[EventRounds "9"]
[EventCountry "SAU"]
[SourceTitle "CBM 213 Extra"]
[Source "ChessBase"]
[SourceDate "2023.05.31"]
[SourceVersion "1"]
[SourceVersionDate "2023.05.31"]
[SourceQuality "1"]

1. d4 e6 2. c4 d5 3. Nc3 Nf6 4. cxd5 exd5 5. Bg5 c6 6. e3 Be7 7. Bd3 Be6 8. Nge2 Bg4 9. f3 Bh5 10. Nf4 Bg6 11. 0-0 Bxd3 12. Qxd3 0-0 13. Bh4 Nbd7 14. g4 Ne8 15. Bg3 Nd6 16. Rad1 f5 17. Ne6 Qe8 18. Nxf8 Qxf8 19. Bxd6 Bxd6 20. Qxf5 Qe7 21. Qd3 Re8 22. Rde1 Qh4 23. Re2 Rf8 24. Rg2 b5 25. g5 g6 26. f4 b4 27. Nd1 Qh3 28. Nf2 Qe6 29. Ng4 c5 30. Ne5 c4 31. Qc2 Rf5 32. h4 Nf8 33. Rff2 a5 34. Qa4 Bc7 35. Qc6 Qxc6 36. Nxc6 Kf7 37. a3 Bd6 38. axb4 axb4 39. b3 c3 40. Ra2 Ke6 41. Ra4 Rf7 42. Nd8+ Ke7 43. Nxf7 Kxf7 44. Rga2 Ke6 45. Kf2 Nd7 46. Ra6 Nb8 47. Rb6 Nd7 48. Rb7 Nb8 49. Ke2 1-0